LEADER 02010oas 2200841 a 450 001 9910143803703321 005 20251105213014.0 011 $a1553-5630 035 $a(DE-599)ZDB2123133-3 035 $a(DE-599)2123133-3 035 $a(OCoLC)53164383 035 $a(CONSER) 2004235620 035 $a(CKB)954925454944 035 $a(EXLCZ)99954925454944 100 $a20031008a19699999 sy a 101 0 $aeng 135 $auranu|||||||| 181 $ctxt$2rdacontent 182 $cc$2rdamedia 183 $acr$2rdacarrier 200 00$aAsian music $ejournal of the Society for Asian Music 210 $aNew York $cSociety for Asian Music$dİ1969- 300 $aRefereed/Peer-reviewed 311 08$a0044-9202 606 $aMusic$zAsia$vPeriodicals 606 $aMusique$zAsie$vPe?riodiques 606 $aMuzyka Azji$2dbn 606 $aMusic$2fast$3(OCoLC)fst01030269 607 $aAzja$2dbn 607 $aAsia$2fast$1https://id.oclc.org/worldcat/entity/E39PBJxMpyjKQ9Jtm3jkjPBgKd 608 $aCzasopismo muzyczne.$2dbn 608 $aPeriodicals.$2fast 608 $aPeriodicals.$2lcgft 615 0$aMusic 615 6$aMusique 615 7$aMuzyka Azji. 615 7$aMusic 676 $a780.95 712 02$aSociety for Asian Music, 801 0$bEYM 801 1$bEYM 801 2$bOCLCQ 801 2$bHLS 801 2$bOCLCQ 801 2$bNSD 801 2$bMUQ 801 2$bOCL 801 2$bNSD 801 2$bOCLCQ 801 2$bGBVCP 801 2$bOCLCF 801 2$bOCL 801 2$bOCLCQ 801 2$bDEBBG 801 2$bGILDS 801 2$bOCLCO 801 2$bNTG 801 2$bAU@ 801 2$bVT2 801 2$bNJT 801 2$bUWK 801 2$bIUL 801 2$bOCLCO 801 2$bOCLCQ 801 2$bUAB 801 2$bOCLCL 801 2$bOCLCQ 801 2$bOCLCL 801 2$bOCLCQ 906 $aJOURNAL 912 $a9910143803703321 996 $aAsian music$92251153 997 $aUNINA